000
00271nam a2200109Ia 4500
001
1260295
005
20260417140329.0
008
260417s9999 xx 000 0 und d
020
_a
9786256126541
245
0
_a
Edebiyat Kulesi
_c
Nuri Pakdil
260
_b
Ketebe Yayınları
999
_c
1260295
_d
1260295